10 najgorszych reprezentacji (Ranking FIFA) - Statystyki

Ogólne statystyki
  • Ten quiz został rozwiązany 1 609 razy
    97 od ostatniego zresetowania
  • Średni wynik to 3 z 10
Statystyki odpowiedzi
Miejsce Reprezentacja % Poprawnych
210 San Marino
98%
204 Liechtenstein
55%
202 Somalia
21%
201 Seszele
18%
207 Brytyjskie wyspy dziewicze
17%
203 Guam
14%
208 Wyspy dziewicze stanów zjednoczonych
14%
205 Bahamy
11%
209 Anguilla
9%
206 Turks i Caicos
7%
Nie znaleziono quizów pasujących do podanych kryteriów
Rozkład punktacji
Procent ludzi z każdym wynikiem
Percentyl według liczby udzielonych odpowiedzi
Twoja historia wyników
Nie rozwiązałeś tego quizu od ostatniego zresetowania